000 00641nam a2200193Ia 4500
005 20250507130357.0
008 008 250505s9999 xx 000 0 eng d
020 _a9780521543606
037 _aAnnuals, Advances
040 _aEASL
_beng
_cEASL
041 _aeng
_2eng
084 _aV49B:1958.P03, P4
_qEASL
100 _aRozman Gilbert Au.
_9665460
245 0 _aNortheast Asia's Stunted Regionalsim : Bilateral Distrust in he Shadow of Globalization
260 _aUK
_bLondon Cambridge University Press
_c2004
300 _avii,401p.
942 _cTEXL
_hV49B:1958.P03, P4
999 _c1319335
_d1319335